01109 a2200169 4500003000500000005001700005040000900022082001500031100003100046245006500077260003200142300001400174505058200188942002400770999001900794952012600813Nust20230213120212.0 cNust a954.92,JAC aLT Gen J F R Jacob9108989 aSurrender at Dacca, Birth of a Nation / cLt Gen J F R Jacob a1997bAjay kumar Jainc1997 a263 pages aAcknowledgements (Page-6), Preface (Page-9), Early Years (Page-12), Prelude to War (Page-30), Political Developments (Page-40), Higher Command and Organization (Page-50), Evolution of Plans (Page-55), Strategy (Page-59), Logistics (Page-78), Pakistani order of battle (Page-84), Property Move and training (Page-86), Mukati Bahini (Page-90), American and Chinese Moves (Page-95), War (Page-101), Progress of Operations (page-105), Aftermath of War (Page-149), Dramaties Personae (Page-153), Lessons (Page-157), Re selections (Page-164), Envoi (Page-168), Appendices (Page-169). 2ddccBKk954.92,JAC c194052d194052 00102ddc4070aMCSbMCScGENd2016-12-12o954.92,JACpMCS27599r2016-12-08w2016-12-12yBKzAlmirah No. 62, Shelf No. 3